| 000 | 01013cam a22002534a 4500 | ||
|---|---|---|---|
| 020 | _a1845931076 (alk. paper) | ||
| 020 | _a9781845931070 | ||
| 040 | _cDLC | ||
| 082 | 0 | 0 | _a639 CAB 2006 A053 Co. |
| 245 | 0 | 0 |
_aEnvironment and livelihoods in tropical coastal zones : _bmanaging agriculture-fishery-aquaculture conflicts / |
| 260 |
_aWallingford, UK ; _aCambridge, MA : _bCABI Pub., _cc2006. |
||
| 300 |
_axiv, 309 p. : _bill., maps ; _c25 cm. |
||
| 500 | _a"In association with the International Rice Research Institute (IRRI) and the International Water Management Institute (IWMI)." | ||
| 650 | 0 | _aAquaculture | |
| 650 | 0 | _aAgriculture | |
| 650 | 0 | _aFisheries | |
| 650 | 0 | _aCoastal zone management | |
| 700 | 1 | _aChu, Thai Hoanh, | |
| 710 | 2 | _aInternational Rice Research Institute. | |
| 710 | 2 | _aInternational Water Management Institute. | |
| 856 | 4 | 1 | _uhttp://www.loc.gov/catdir/toc/ecip063/2005033368.html |
| 856 | 4 | 2 | _uhttp://www.loc.gov/catdir/enhancements/fy0636/2005033368-d.html |
| 942 | _cEK | ||
| 999 |
_c14912 _d14912 |
||